=LDR 00000nam 2200000 4500 =001 INLIS000000000045988 =005 20150212134332.0 =006 =007 =008 =020 ##$$a 979-383-220-7 =035 ##$$0010-021500000000548 =040 ##$$a NBPDMAT =082 ##$$a 372.35 =090 ##$$a 372.35 $b Nun c =100 ##$$a Nunung Haryati =245 ##$$a Cepat Bisa ....!!!! RPAL SD RAngkuman Pengetahuan Alam Lengkap / $c Oleh Nunung Haryati ; Penyunting Isti Fina Indriana =260 ##$$a yogyakarta $b Pustaka Edukasia $c 2013 =300 ##$$a 240 hlm $b Ilus $c 20 cm =500 ##$$a Bibliografi : hal. 239 =650 ##$$a Sains - SD =700 ##$$a Isti Fina Indriana =990 ##$$a 0001/BPAP-NTB/20142015 =990 ##$$a 0217/BPAP-NTB/2015 =990 ##$$a 0001/BPAP-NTB/2015 =990 ##$$a 0023/BPAP-NTB/2016